000 00538nam a2200157 a 4500
008 120416s1976 ||||||||||||||||| || u
020 _a0716703823
050 _aS 523 Foo
245 0 0 _aFood and agriculture
260 _aSan Francisco:
_bW. H. Freeman and co
_c1976
300 _a[iv], 154p.: ill.
350 _a0.00
650 _aFOOD AND AGRICULTURE
650 _aAGRICULTURE
995 _D0.00
_FCBU-MAIN LIBRARY (Kitwe)
_H1
_I18.95
_M1
_UAVAILABLE
_ZMain Library Open Access Collection
999 _c43666
_d43666